| 000 | 00566nam a2200181Ia 4500 | ||
|---|---|---|---|
| 999 |
_c3505 _d3505 |
||
| 003 | OSt | ||
| 005 | 20200820132650.0 | ||
| 008 | 190216s9999||||xx |||||||||||||| ||und|| | ||
| 020 | _a9780333926581 | ||
| 040 | _coclc | ||
| 082 |
_a541.394 _bRAJ/K |
||
| 100 |
_aRajaram, J _94240 |
||
| 245 | 0 |
_aKinetics And Mechanisms Of Chemical Transformations Applications Of Femtochemistry / _cJ Rajaram ; J C Kuriacose |
|
| 260 |
_bMacmillan, _c2008. _aDelhi: |
||
| 300 | _a871p | ||
| 650 | _aChemistry | ||
| 942 |
_cBK _2ddc _h541.394 _iRAJ/K _k541.394 _mRAJ/K |
||